00370nam a2200145Ia 4500003000400000005001700004008004100021040000900062082002000071100002800091245004200119260004100161300000800202650001400210OSt20210104105202.0190216s9999||||xx |||||||||||||| ||und|| coclc a894.8121bEZH/K aEzhuthachan, Thunchath  0aKarnaparvam /cThunchath Ezhuthachan  bCalicut University,c1967.aCalicut: a72p aKavithkal